'O' Game Quiz Stats

 Plays Quiz Updated Nov 30, 2016

     
Support Sporcle.
Go Orange.
Score 0/26 Timer 05:00
2 Plays Today
Thing % Correct
Ohio
89.9%
Oregon
86.4%
Oklahoma
83.1%
Ox
82.5%
Oboe
79.5%
Opal
75.9%
Omega
74.8%
Oxygen
74%
Barack Obama
73.3%
Oman
72.8%
Othello
72.5%
Orion
72.5%
Oslo, Norway
60.9%
Thing % Correct
Owl
58.4%
Baltimore Orioles
57%
Ottawa, Canada
39%
Edmonton Oilers
34.9%
Omicron
33.9%
Organ
29.2%
Obadiah
23.4%
Osmium
22.3%
Oldham Athletic
20.7%
Oganesson
20.6%
Ouagadougou, Burkina Faso
16.9%
Ophiuchus
7.1%
Octans
7.1%

From the Vault

Newspaper Headlines: Real or Fake?

by dolebanana

With enough parallel universes all of these are real somewhere.
Remove Ads.
Support Sporcle.
Get the best of Sporcle when you Go Orange. This ad-free experience offers more features, more stats, and more fun while also helping to support Sporcle. Thank you for becoming a member.

Show Comments

Extras

Top Quizzes Today


Score Distribution

Your Account Isn't Verified!

In order to create a playlist on Sporcle, you need to verify the email address you used during registration. Go to your Sporcle Settings to finish the process.

Report this User

Report this user for behavior that violates our Community Guidelines.

Details: